000 04141nab a2200289 i 4500
003 BR-BrBNA
005 20250128133224.0
008 250128b2016 bl.|r|pooa||| 00| 0 por |
040 _aBR-BrBNA
_bpor
072 _aL73
_b5600
072 _aL70
100 _aHeker, M.M.
100 _aNakamura, A.A.
100 _aMeireles, M.V.
245 _aCaracterização molecular de Cryptosporidium spp. em criações comerciais  brasileiras de coelhos
500 _aPublicação online; 29 ref.; Summaries (En, Pt)
520 _a RESUMO - A criptosporidiose é uma importante zoonose que pode ser transmitida por meio de alimentos, água de bebida e por contato com animais e pessoas infectadas. Além disso, trata-se de uma enfermidade clínica ou subclínica frequente em diversas espécies de animais, incluindo coelhos domésticos. O objetivo deste estudo foi determinar a ocorrência de Cryptosporidium spp., realizar sua classificação molecular e relacionar a presença do parasito às diferentes fases de criação em 21 criações comerciais de coelhos, localizadas nos estados de Minas Gerais, Mato Grosso do Sul, Pernambuco, Paraná, Rio de Janeiro, Rio Grande do Sul e São Paulo. Quinhentas e catorze amostras de fezes foram colhidas e armazenadas em solução de dicromato de potássio 5%. Os oocistos foram purificados por centrífugo-flutuação em solução de Sheather e visualizados por microscopia, utilizando-se a coloração negativa com verde malaquita. Cinquenta e cinco amostras foram submetidas à reação em cadeia pela polimerase (nested PCR) e ao sequenciamento de fragmentos amplificados, referentes aos genes da subunidade 18S do rRNA e da glicloproteína GP60, visando à caracterização molecular de Cryptosporidium spp. Oito amostras foram positivas para Cryptosporidium spp. pela microscopia (1,56%; 8/514) e sete foram positivas pela nested PCR (12,73%; 7/55). Pela análise molecular, foi possível identificar Cryptosporidium cuniculus (18SrRNA) e C. cuniculus subtipo VbA21 (gp60) em coelhos jovens e em matrizes. Palavras-chave: coelho, coccidiose, classificação molecular, reação em cadeia da polimerase
520 _a ABSTRACT - Cryptosporidiosis is an important zoonotic disease that can be transmitted via water, food and contact with infected animals and people. Furthermore, clinical and subclinical disease occur in many animal species, including the domestic rabbit. The objective of this study was to determine the occurrence of Cryptosporidium spp., perform its molecular classification and correlate the presence of the parasite to the different animal categories in Brazilian rabbits farms. A total of 514 fecal samples from 21 rabbits farms located in the states of Minas Gerais, Mato Grosso do Sul, Pernambuco, Paraná, Rio de Janeiro, Rio Grande do Sul and São Paulo were collected and stored in 5% potassium dichromate. Fecal samples were purified by centrifugal-flotation in Sheather solution and screened for Cryptosporidium spp. oocysts using the negative malachite green staining. Aiming the molecular characterization of Cryptosporidium spp., nested PCR targeting the 18S rRNA gene and gp60 gene followed by sequencing of amplified fragments were accomplished in 55 samples. Eight samples were positive for Cryptosporidium spp. by microscopy (1.56%; 8/514) and seven samples were positive by PCR (12.73%; 7/55). Molecular analysis revealed Cryptosporidium cuniculus for the 18S rRNA gene and C. cuniculus subtype VbA21 for the gp60 gene in kits and does. Keywords:rabbit, Brazil,coccidiosis, molecular classification, polymerase chain reaction
650 _aCOELHO
650 _aDOENÇA ANIMAL
650 _aCOCCIDIOSE
650 _aVETERINÁRIA
773 0 _01643
_9348075
_dBelo Horizonte-MG Universidade Federal de Minas Gerais - Escola de Veterinaria 1983
_o2025-0570
_tArquivo Brasileiro de Medicina Veterinária e Zootecnia (Brazil)
_x0102-0935
_gv. 68(4) p. 977-982; (2016)
_wBR2024004588
856 _uhttps://www.scielo.br/j/abmvz/a/tGDknVNNCcY4rfNL6fzTbMk/?format=pdf&lang=pt
942 _cANA
999 _c329704
_d329704